[Event "7th HDBank Cup 2017 Masters"]
[Site "Ho Chi Minh City"]
[Date "2017.03.15"]
[Round "6"]
[White "Nguyen, Anh Dung"]
[Black "Ghosh, Diptayan"]
[Result "1/2-1/2"]
[WhiteElo "2482"]
[BlackElo "2581"]
[PlyCount "43"]
[EventDate "2017.??.??"]

1. e4 e5 2. Nf3 Nc6 3. Bb5 a6 4. Ba4 Nf6 5. O-O Be7 6. Re1 b5 7. Bb3 d6 8. c3
O-O 9. h3 Nb8 10. d4 Nbd7 11. Nbd2 Bb7 12. Bc2 Re8 13. b4 Bf8 14. Bb2 g6 15.
Qb1 Rb8 16. Nb3 Ba8 17. Na5 exd4 18. cxd4 d5 19. exd5 Bxd5 20. Rxe8 Qxe8 21. a3
Bxf3 22. gxf3 1/2-1/2

[Event "7th HDBank Cup 2017 Masters"]
[Site "Ho Chi Minh City"]
[Date "2017.03.15"]
[Round "6"]
[White "Tran, Minh Thang"]
[Black "Vishnu Prasanna  V"]
[Result "1/2-1/2"]
[WhiteElo "2406"]
[BlackElo "2534"]
[PlyCount "33"]
[EventDate "2017.??.??"]

1. d4 Nf6 2. c4 g6 3. Nf3 Bg7 4. g3 O-O 5. Bg2 d6 6. Nc3 Nc6 7. O-O Bg4 8. h3
Bxf3 9. Bxf3 Nd7 10. e3 e5 11. dxe5 Ndxe5 12. Bd5 Qd7 13. f4 Qxh3 14. fxe5
Qxg3+ 15. Bg2 Nxe5 16. Rf4 f5 17. e4 1/2-1/2

[Event "7th HDBank Cup 2017 Masters"]
[Site "Ho Chi Minh City"]
[Date "2017.03.15"]
[Round "6"]
[White "Zhou, Guijue"]
[Black "Antonio, Rogelio Jr"]
[Result "1/2-1/2"]
[WhiteElo "2220"]
[BlackElo "2465"]
[PlyCount "162"]
[EventDate "2017.??.??"]

1. e4 c6 2. d4 d5 3. e5 c5 4. dxc5 e6 5. a3 Qc7 6. Nf3 Bxc5 7. b4 Bf8 8. Bd3 a5
9. b5 Nd7 10. Bb2 Ne7 11. O-O Ng6 12. Re1 Nb6 13. a4 Bb4 14. c3 Be7 15. Nbd2
O-O 16. Rc1 Nf4 17. Bf1 Rd8 18. Qc2 Bd7 19. g3 Ng6 20. Qb3 Qc5 21. h4 h6 22.
Ra1 Qc7 23. h5 Nf8 24. Rec1 Rac8 25. c4 dxc4 26. Nxc4 Nxc4 27. Rxc4 Qb8 28.
Rac1 Rxc4 29. Rxc4 Be8 30. Bd4 Nd7 31. Qe3 b6 32. g4 Rc8 33. g5 Rxc4 34. Bxc4
Qc7 35. Bd3 Bc5 36. gxh6 Bxd4 37. h7+ Kh8 38. Qxd4 Nc5 39. Bc2 Nd7 40. Qe4 Qd8
41. Qf4 Qc7 42. Qe4 Qd8 43. Kg2 Nf8 44. Kf1 Nd7 45. Ke2 f5 46. exf6 Nxf6 47.
Qd4 Qxd4 48. Nxd4 Bxh5+ 49. Kd2 Bf7 50. Nc6 Nxh7 51. Bxh7 Kxh7 52. Ne5 Kg8 53.
Nc4 e5 54. Nxb6 Kf8 55. Nd7+ Ke7 56. Nxe5 Bb3 57. Nc6+ Kd6 58. Nxa5 Bxa4 59. b6
Bb5 60. Ke3 g6 61. f4 Ba4 62. Kd4 Bc2 63. Kc4 Ba4 64. Kb4 Bd1 65. Kb5 Bf3 66.
Nc4+ Ke6 67. Ne5 Bb7 68. Nxg6 Kf5 69. Nf8 Kxf4 70. Nd7 Kf5 71. Nc5 Bg2 72. Nd3
Bb7 73. Nb4 Ke6 74. Kc5 Kd7 75. Nd5 Kc8 76. Nf6 Kb8 77. Kd6 Kc8 78. Nd7 Ba8 79.
Nc5 Bb7 80. Nxb7 Kxb7 81. Kc5 Kb8 1/2-1/2

[Event "7th HDBank Cup 2017 Masters"]
[Site "Ho Chi Minh City"]
[Date "2017.03.16"]
[Round "7"]
[White "Bu, Xiangzhi"]
[Black "Le, Quang Liem"]
[Result "1/2-1/2"]
[WhiteElo "2711"]
[BlackElo "2712"]
[PlyCount "70"]
[EventDate "2017.??.??"]

1. Nf3 d5 2. d4 Nf6 3. c4 e6 4. Nc3 Bb4 5. Qa4+ Nc6 6. Bg5 h6 7. Bxf6 Qxf6 8.
e3 O-O 9. Be2 dxc4 10. O-O Bd7 11. Bxc4 Bxc3 12. bxc3 Rfd8 13. Qc2 Na5 14. Be2
c5 15. Ne5 Be8 16. Qe4 Nc6 17. f4 Rac8 18. Rad1 Qe7 19. c4 f5 20. Nxc6 Bxc6 21.
Qe5 cxd4 22. Rxd4 Kf7 23. Rfd1 g6 24. Qa5 b6 25. Qc3 Rxd4 26. exd4 Be4 27. Qe3
Qb4 28. Kf2 Rd8 29. g3 Qb2 30. Qb3 Qxb3 31. axb3 Bc2 32. Ra1 a5 33. c5 Bxb3 34.
cxb6 Rb8 35. Rxa5 Rxb6 1/2-1/2

[Event "7th HDBank Cup 2017 Masters"]
[Site "Ho Chi Minh City"]
[Date "2017.03.16"]
[Round "7"]
[White "Ghosh, Diptayan"]
[Black "Liu, Xiangyi"]
[Result "1/2-1/2"]
[WhiteElo "2581"]
[BlackElo "2443"]
[PlyCount "37"]
[EventDate "2017.??.??"]

1. d4 Nf6 2. Nf3 g6 3. g3 Bg7 4. Bg2 O-O 5. c4 d5 6. O-O Nc6 7. Nbd2 Be6 8. b3
Ne4 9. Bb2 Nxd2 10. Qxd2 dxc4 11. Rfd1 cxb3 12. d5 Qxd5 13. Qxd5 Bxd5 14. Bxg7
Rfd8 15. Bc3 bxa2 16. Nd4 Bxg2 17. Kxg2 Nxd4 18. Rxd4 Rxd4 19. Bxd4 1/2-1/2

[Event "7th HDBank Cup 2017 Masters"]
[Site "Ho Chi Minh City"]
[Date "2017.03.16"]
[Round "7"]
[White "Stefanova, Antoaneta"]
[Black "Tran, Minh Thang"]
[Result "1-0"]
[WhiteElo "2533"]
[BlackElo "2406"]
[PlyCount "71"]
[EventDate "2017.??.??"]

1. d4 Nf6 2. Nf3 g6 3. g3 Bg7 4. Bg2 O-O 5. O-O d5 6. Nbd2 c5 7. dxc5 Qc7 8.
Nb3 e5 9. Ne1 Rd8 10. f4 Nc6 11. c3 Bf5 12. fxe5 Qxe5 13. Nf3 Qe7 14. Nfd4 Nxd4
15. Nxd4 Be4 16. Bg5 h6 17. Bf4 Qxc5 18. Bxh6 Bxh6 19. Rxf6 Kg7 20. Rf1 Be3+
21. Kh1 Re8 22. Bxe4 Rxe4 23. Qb3 Rh8 24. Rf3 Re7 25. Nc2 Qc8 26. Nxe3 Qh3 27.
Rf2 Rxe3 28. Qxd5 Re7 29. Qd4+ Kf8 30. Raf1 Rh7 31. Qd6 Qg4 32. Kg1 f5 33. e4
Rhf7 34. exf5 gxf5 35. Re1 Qg5 36. Rfe2 1-0

[Event "7th HDBank Cup 2017 Masters"]
[Site "Ho Chi Minh City"]
[Date "2017.03.16"]
[Round "7"]
[White "Tran, Tuan Minh"]
[Black "Iturrizaga Bonelli, Eduardo"]
[Result "1/2-1/2"]
[WhiteElo "2503"]
[BlackElo "2673"]
[PlyCount "30"]
[EventDate "2017.??.??"]

1. d4 Nf6 2. c4 e6 3. Nc3 Bb4 4. e3 c5 5. Nge2 d6 6. a3 Ba5 7. g3 d5 8. Bg2
cxd4 9. exd4 dxc4 10. Bg5 O-O 11. O-O Nbd7 12. Ne4 Rb8 13. Qc1 h6 14. Nxf6+
Nxf6 15. Bf4 Bc7 1/2-1/2

[Event "7th HDBank Cup 2017 Masters"]
[Site "Ho Chi Minh City"]
[Date "2017.03.16"]
[Round "7"]
[White "Le, Tuan Minh"]
[Black "Rozum, Ivan"]
[Result "0-1"]
[WhiteElo "2475"]
[BlackElo "2600"]
[PlyCount "108"]
[EventDate "2017.??.??"]

1. d4 Nf6 2. c4 e6 3. Nc3 Bb4 4. e3 O-O 5. Nge2 c6 6. a3 Ba5 7. c5 d6 8. cxd6
Qxd6 9. b4 Bc7 10. g3 e5 11. Bg2 Be6 12. Qc2 Qd7 13. O-O Bh3 14. Bb2 Bxg2 15.
Kxg2 Qe6 16. dxe5 Bxe5 17. Rfd1 Nbd7 18. Nd4 Qc4 19. Nf3 Rfd8 20. Rac1 Bc7 21.
Rd4 Qe6 22. Ng5 Qe8 23. Nb5 Be5 24. Nd6 Bxd6 25. Rxd6 h6 26. Nf3 Qe7 27. Rd4
Nb6 28. Rcd1 Rxd4 29. Nxd4 Ne8 30. Nf5 Qe6 31. Rd4 Nf6 32. Rd6 Qc4 33. Qb1 Qe4+
34. Qxe4 Nxe4 35. Rd1 f6 36. h4 Nc4 37. Rd4 Nxb2 38. Rxe4 Kf8 39. Rd4 a5 40.
Rd7 Nc4 41. h5 a4 42. Rxg7 Nxa3 43. Rh7 Kg8 44. Rxb7 Nb5 45. Nxh6+ Kh8 46. Nf5
a3 47. Ne7 Nd6 48. Rd7 a2 49. Rxd6 a1=Q 50. Rd7 Qb1 51. Ng6+ Kg8 52. Re7 Qf5
53. Nf4 Kf8 54. e4 Qxf4 0-1

[Event "7th HDBank Cup 2017 Masters"]
[Site "Ho Chi Minh City"]
[Date "2017.03.16"]
[Round "7"]
[White "Antonio, Rogelio Jr"]
[Black "Nguyen, Dang Hong Phuc"]
[Result "1/2-1/2"]
[WhiteElo "2465"]
[BlackElo "2280"]
[PlyCount "92"]
[EventDate "2017.??.??"]

1. e4 e6 2. d4 d5 3. Nd2 dxe4 4. Nxe4 Bd7 5. Nf3 Bc6 6. Bd3 Nd7 7. O-O Ngf6 8.
Ned2 Be7 9. Qe2 O-O 10. c4 Bxf3 11. Nxf3 c5 12. dxc5 Nxc5 13. Bc2 Qb6 14. Rb1
a5 15. b3 Rfd8 16. a3 Ncd7 17. Bb2 Qc7 18. Rfe1 Rac8 19. Ng5 Nf8 20. Rbc1 b6
21. g3 Rd7 22. Qf3 Rcd8 23. Re2 Qc5 24. h4 h6 25. Ne4 Nxe4 26. Rxe4 f5 27. Re5
Qc7 28. Re2 Bf6 29. Bxf6 gxf6 30. Qc3 Rd4 31. Rce1 Qc5 32. a4 R8d6 33. Qf3 Kg7
34. Qh5 Rd2 35. Qf3 R2d4 36. Kh2 Qc6 37. Qh5 Qc5 38. Rg1 Rd2 39. g4 f4 40. g5
hxg5 41. hxg5 f5 42. Rge1 Rxe2 43. Rxe2 Rd7 44. Kg1 Kg8 45. Qe8 Re7 46. Qd8 Rd7
1/2-1/2

[Event "7th HDBank Cup 2017 Masters"]
[Site "Ho Chi Minh City"]
[Date "2017.03.16"]
[Round "7"]
[White "Xu, Yi"]
[Black "Cheparinov, Ivan"]
[Result "1/2-1/2"]
[WhiteElo "2444"]
[BlackElo "2698"]
[PlyCount "100"]
[EventDate "2017.??.??"]

1. e4 e5 2. Nf3 Nc6 3. Bc4 Bc5 4. O-O Nf6 5. d3 d6 6. c3 h6 7. b4 Bb6 8. Nbd2
O-O 9. Bb3 Ne7 10. Nc4 Ng6 11. h3 Be6 12. Bc2 Re8 13. a4 c6 14. Nxb6 axb6 15.
d4 exd4 16. cxd4 d5 17. e5 Ne4 18. Re1 Bf5 19. Re3 Qe7 20. Rb1 Rad8 21. a5 b5
22. g4 Bc8 23. Nd2 Ng5 24. Bxg6 fxg6 25. Nf1 Rf8 26. Rd3 Ne6 27. Ng3 Qh4 28.
Kg2 Rf7 29. Rbb3 Rdf8 30. f3 h5 31. Qg1 Kh7 32. Ne2 Nd8 33. Qf2 Qxf2+ 34. Kxf2
hxg4 35. hxg4 Bxg4 36. Kg3 Bf5 37. Rd1 Bc2 38. Rh1+ Kg8 39. Rc3 Rxf3+ 40. Rxf3
Rxf3+ 41. Kxf3 Be4+ 42. Kf4 Bxh1 43. e6 Nxe6+ 44. Ke5 Kf7 45. Nf4 Nxf4 46. Bxf4
Ke7 47. Bg5+ Kd7 48. Bh4 c5 49. dxc5 d4 50. Kxd4 Ke6 1/2-1/2

[Event "7th HDBank Cup 2017 Masters"]
[Site "Ho Chi Minh City"]
[Date "2017.03.16"]
[Round "7"]
[White "Shyaamnikhil P"]
[Black "Zhou, Jianchao"]
[Result "1/2-1/2"]
[WhiteElo "2440"]
[BlackElo "2619"]
[PlyCount "121"]
[EventDate "2017.??.??"]

1. d4 Nf6 2. Nf3 e6 3. c4 d5 4. Nc3 a6 5. cxd5 exd5 6. Bg5 Be6 7. e3 Nbd7 8.
Bd3 Bd6 9. Bh4 c6 10. O-O Qc7 11. Re1 O-O 12. Bg3 Bg4 13. Qc2 Bxg3 14. hxg3 Bh5
15. Ng5 Bg6 16. Bxg6 hxg6 17. Qe2 Rfe8 18. Qf3 Nf8 19. e4 dxe4 20. Ngxe4 Qd8
21. Nxf6+ Qxf6 22. Qxf6 gxf6 23. d5 c5 24. Ne4 Nd7 25. Nd6 Re5 26. f4 Rxd5 27.
Rad1 Rd4 28. Rxd4 cxd4 29. Rd1 Nc5 30. Rxd4 Rd8 31. Nb5 Rxd4 32. Nxd4 f5 33.
Kf1 Ne4 34. Ne2 Kg7 35. Ke1 Kh6 36. Kf1 Kh5 37. Kg1 Kg4 38. Kh2 a5 39. b3 b6
40. a3 Nd2 41. Nc3 Nf1+ 42. Kg1 Nxg3 43. Nd5 b5 44. Nc3 b4 45. axb4 axb4 46.
Nd5 Ne4 47. Nxb4 Kxf4 48. Nc6 Ke3 49. Kh2 f4 50. b4 Nd6 51. Kh3 g5 52. Kg4 f6
53. Ne7 Kf2 54. Nd5 Kxg2 55. Nxf4+ gxf4 56. Kxf4 Kh3 57. b5 Kh4 58. b6 Kh5 59.
b7 Nxb7 60. Kf5 Nd6+ 61. Kxf6 1/2-1/2

[Event "7th HDBank Cup 2017 Masters"]
[Site "Ho Chi Minh City"]
[Date "2017.03.16"]
[Round "7"]
[White "Saduakassova, Dinara"]
[Black "Lu, Shanglei"]
[Result "1/2-1/2"]
[WhiteElo "2428"]
[BlackElo "2624"]
[PlyCount "190"]
[EventDate "2017.??.??"]

1. d4 d6 2. Nf3 g6 3. c4 f5 4. e3 Bg7 5. Be2 Nc6 6. Nc3 Nf6 7. d5 Nb8 8. O-O
O-O 9. Rb1 a5 10. a3 Na6 11. Nd4 Bd7 12. b4 axb4 13. axb4 Qe8 14. Qb3 Kh8 15.
Ba3 c6 16. dxc6 bxc6 17. b5 Nc7 18. bxc6 Bxc6 19. Nxc6 Qxc6 20. Bf3 Ne4 21.
Bxe4 fxe4 22. Nd5 Nxd5 23. cxd5 Qa4 24. Bb2 Qxb3 25. Bxg7+ Kxg7 26. Rxb3 Kf6
27. Rb7 Rfb8 28. Rc7 Rb2 29. Rc4 Ke5 30. Rc7 Re8 31. Rd1 Rb5 32. g3 Rxd5 33.
Ra1 Rc5 34. Rb7 h6 35. Ra2 e6 36. Rg7 Kf6 37. Rd7 d5 38. Kg2 Rec8 39. Ra6 R5c6
40. Raa7 Rf8 41. Ra2 Rcc8 42. Rd6 Rfd8 43. Rb6 Ra8 44. Rc2 Rdc8 45. Rcb2 Rc7
46. Rd6 Ke5 47. Rbb6 Re8 48. Ra6 Rf7 49. Rdb6 Rf6 50. Rb2 Ref8 51. h3 R6f7 52.
Rc2 Rb7 53. Rcc6 Rf6 54. Rc2 Kf5 55. Rd2 Rff7 56. Rc2 Rfc7 57. Rcc6 Rxc6 58.
Rxc6 Rb1 59. Rc8 e5 60. Re8 Re1 61. g4+ Kf6 62. Rd8 Rd1 63. Re8 g5 64. Kg3 Rg1+
65. Kh2 Re1 66. Rd8 Ke6 67. Kg2 Ra1 68. Re8+ Kd6 69. Rd8+ Kc6 70. Kg3 Rg1+ 71.
Kh2 Rf1 72. Kg2 Ra1 73. Kg3 Rd1 74. Re8 d4 75. exd4 exd4 76. Rxe4 Kd5 77. Re8
d3 78. Kf3 Kd4 79. Re6 Rh1 80. Rd6+ Kc3 81. Rc6+ Kd4 82. Rd6+ Kc4 83. Ke3 Re1+
84. Kd2 Re2+ 85. Kd1 Rxf2 86. Rxh6 Rh2 87. Rg6 Kc3 88. Rc6+ Kd4 89. Rg6 Ke3 90.
Re6+ Kf4 91. Rf6+ Kg3 92. Rg6 Kf4 93. Rf6+ Ke3 94. Re6+ Kf3 95. Rf6+ Ke3
1/2-1/2

[Event "7th HDBank Cup 2017 Masters"]
[Site "Ho Chi Minh City"]
[Date "2017.03.16"]
[Round "7"]
[White "Nouri, Hamed"]
[Black "Mareco, Sandro"]
[Result "0-1"]
[WhiteElo "2344"]
[BlackElo "2664"]
[PlyCount "82"]
[EventDate "2017.??.??"]

1. e4 c5 2. Nf3 d6 3. Bb5+ Nd7 4. O-O Ngf6 5. Re1 a6 6. Bf1 b6 7. c4 Bb7 8. Nc3
e6 9. d4 cxd4 10. Nxd4 Be7 11. b3 O-O 12. Bb2 Re8 13. Qf3 Rc8 14. Rad1 g6 15.
Qh3 Bf8 16. f4 e5 17. fxe5 Nxe5 18. Nd5 Bg7 19. Nf3 Nxd5 20. Bxe5 dxe5 21. cxd5
b5 22. Rc1 Bf8 23. Kh1 Ba3 24. Rxc8 Bxc8 25. Qg3 Qb6 26. Re2 f6 27. Rc2 Bd7 28.
Qe1 Kg7 29. Bd3 Qd6 30. Qe3 Qb8 31. g3 Rc8 32. Ne1 Bd6 33. Kg2 Rxc2+ 34. Bxc2
Qc8 35. h4 Bc5 36. Qd2 Bh3+ 37. Kh1 Qg4 38. Nd3 Bd4 39. Kh2 Bf1 40. Nf2 Qf3 41.
Nd1 g5 0-1

[Event "7th HDBank Cup 2017 Masters"]
[Site "Ho Chi Minh City"]
[Date "2017.03.16"]
[Round "7"]
[White "Tran, Ngoc Lan"]
[Black "Ali, Muhammad Lutfi"]
[Result "1/2-1/2"]
[WhiteElo "2254"]
[BlackElo "2416"]
[PlyCount "78"]
[EventDate "2017.??.??"]

1. e4 g6 2. d4 Bg7 3. Nc3 d6 4. Be3 a6 5. a4 Nc6 6. d5 Ne5 7. Bd4 Nf6 8. f4
Ned7 9. e5 Nh5 10. g4 Nxf4 11. e6 Ne5 12. exf7+ Kxf7 13. Qd2 g5 14. h4 h6 15.
Ne4 Bf6 16. Be3 Bxg4 17. Bxf4 gxf4 18. Qxf4 Qd7 19. Be2 Qf5 20. Qxf5 Bxf5 21.
Nxf6 exf6 22. O-O-O Be4 23. Rh3 Ke7 24. Rb3 b6 25. Nh3 Bf5 26. Nf4 Ng6 27. Rf1
Rhf8 28. Nh5 Bd7 29. Rg3 Ne5 30. Rg7+ Rf7 31. Rxf7+ Nxf7 32. Nxf6 Ne5 33. Nxd7
Nxd7 34. Rg1 Kf6 35. Rf1+ Ke7 36. Rg1 Kf6 37. Rf1+ Kg7 38. Rg1+ Kf6 39. Rf1+
Ke5 1/2-1/2

[Event "7th HDBank Cup 2017 Masters"]
[Site "Ho Chi Minh City"]
[Date "2017.03.16"]
[Round "8"]
[White "Le, Quang Liem"]
[Black "Wei, Yi"]
[Result "1/2-1/2"]
[WhiteElo "2712"]
[BlackElo "2725"]
[PlyCount "49"]
[EventDate "2017.??.??"]

1. d4 Nf6 2. c4 e6 3. Nc3 Bb4 4. e3 c5 5. Bd3 O-O 6. Nge2 cxd4 7. exd4 d5 8.
cxd5 Nxd5 9. O-O Nc6 10. Nxd5 exd5 11. Nf4 Bd6 12. Re1 Qf6 13. Nxd5 Qxd4 14.
Be3 Qg4 15. h3 Qxd1 16. Raxd1 Be6 17. Be4 Rad8 18. a3 Bb8 19. f4 Rfe8 20. Kf2
Bxh3 21. Bxh7+ Kxh7 22. Rh1 f5 23. Rxh3+ Kg6 24. Rhh1 Kf7 25. Kf3 1/2-1/2

[Event "7th HDBank Cup 2017 Masters"]
[Site "Ho Chi Minh City"]
[Date "2017.03.16"]
[Round "8"]
[White "Iturrizaga Bonelli, Eduardo"]
[Black "Vishnu Prasanna  V"]
[Result "1/2-1/2"]
[WhiteElo "2673"]
[BlackElo "2534"]
[PlyCount "118"]
[EventDate "2017.??.??"]

1. c4 Nf6 2. g3 d5 3. cxd5 Nxd5 4. Bg2 c5 5. Nc3 Nxc3 6. bxc3 e5 7. Nf3 Nc6 8.
O-O Be7 9. d3 O-O 10. Nd2 Be6 11. Nc4 Bd5 12. e4 Be6 13. Ne3 b5 14. f4 f6 15.
Nd5 Bd6 16. Be3 Qd7 17. f5 Bxd5 18. exd5 Na5 19. c4 bxc4 20. Bd2 Nb7 21. dxc4
Rab8 22. Rb1 Bc7 23. Be3 Nd6 24. Qc2 Rfc8 25. g4 Bd8 26. Kh1 Qc7 27. Bd2 Rb7
28. Rxb7 Qxb7 29. Rb1 Qa6 30. Bf1 Rc7 31. Rb8 Rc8 32. Rb1 Rc7 33. Be3 Kf7 34.
Rb3 Qc8 35. Bd3 Rb7 36. Qf2 Rxb3 37. axb3 Bb6 38. Kg2 a5 39. Qh4 Kg8 40. Qf2
Kf7 41. h4 Kg8 42. Kg1 h6 43. Qf3 Qe8 44. Qf2 Qc8 45. Bf1 Qe8 46. Bg2 Qc8 47.
Kh2 Kf8 48. Bh3 a4 49. Qa2 axb3 50. Qxb3 Qa6 51. g5 hxg5 52. hxg5 Ke7 53. gxf6+
gxf6 54. Bf2 Ne4 55. Bh4 Qa5 56. Bg2 Qd2 57. d6+ Kf8 58. Qxb6 Qf4+ 59. Kg1 Qe3+
1/2-1/2

[Event "7th HDBank Cup 2017 Masters"]
[Site "Ho Chi Minh City"]
[Date "2017.03.16"]
[Round "8"]
[White "Goganov, Aleksey"]
[Black "Vignesh N R"]
[Result "1/2-1/2"]
[WhiteElo "2621"]
[BlackElo "2405"]
[PlyCount "98"]
[EventDate "2017.??.??"]

1. c4 e5 2. Nc3 Nf6 3. g3 d5 4. cxd5 Nxd5 5. Bg2 Nb6 6. Nf3 Nc6 7. O-O Be7 8.
a3 O-O 9. b4 Be6 10. Rb1 f6 11. d3 Nd4 12. Nd2 c6 13. Nde4 Bf7 14. Nc5 Rb8 15.
e3 Ne6 16. N3e4 Nd7 17. Nb3 Qc7 18. Nc3 Rfd8 19. Qe2 Bf8 20. Rd1 Nb6 21. Bd2 c5
22. Na5 Qd7 23. Be1 cxb4 24. axb4 Rdc8 25. Nc4 Na8 26. b5 Bc5 27. Ne4 Nb6 28.
Qg4 Kh8 29. d4 exd4 30. exd4 Bxd4 31. Ncd6 Rd8 32. Bh3 Bg8 33. Bb4 Be5 34. Rd3
Nc8 35. Rbd1 Nxd6 36. Nxd6 Bxd6 37. Rxd6 Qe8 38. Bf1 Rxd6 39. Rxd6 Rd8 40. h4
Rxd6 41. Bxd6 Qd8 42. Qb4 Qb6 43. Bc4 Qd4 44. Be2 Qd5 45. Bc4 Qd1+ 46. Kh2 Qd4
47. Kg1 Nd8 48. Bf1 Qxb4 49. Bxb4 Bd5 1/2-1/2

[Event "7th HDBank Cup 2017 Masters"]
[Site "Ho Chi Minh City"]
[Date "2017.03.16"]
[Round "8"]
[White "Rozum, Ivan"]
[Black "Tran, Tuan Minh"]
[Result "1/2-1/2"]
[WhiteElo "2600"]
[BlackElo "2503"]
[PlyCount "96"]
[EventDate "2017.??.??"]

1. d4 Nf6 2. c4 e6 3. Nf3 b6 4. g3 Bb7 5. Bg2 Be7 6. O-O O-O 7. Nc3 Ne4 8. Bd2
d6 9. d5 Nxd2 10. Nxd2 Qc8 11. b4 Nd7 12. Rc1 Re8 13. Nb3 c5 14. bxc5 dxc5 15.
dxe6 fxe6 16. Bxb7 Qxb7 17. Qc2 Rad8 18. Qe4 Qxe4 19. Nxe4 Nf6 20. Nxf6+ gxf6
21. a4 Rd6 22. Rfd1 Red8 23. Rxd6 Bxd6 24. Kf1 Be5 25. Rb1 Kf7 26. a5 Ke7 27.
e3 Bc3 28. axb6 axb6 29. Ke2 f5 30. Rc1 Bf6 31. Rb1 Ra8 32. Nc1 Ra6 33. Nd3 Kd6
34. Nf4 Bc3 35. Kf3 Bb4 36. Nd3 Ra4 37. Rd1 Ke7 38. Ne5 Bc3 39. Nc6+ Kf6 40.
Rb1 Ba5 41. Rb5 Rxc4 42. Nxa5 bxa5 43. Rxa5 Rc2 44. Ra7 h6 45. h4 h5 46. Rh7
Kg6 47. Re7 Kf6 48. Rh7 Ke5 1/2-1/2

[Event "7th HDBank Cup 2017 Masters"]
[Site "Ho Chi Minh City"]
[Date "2017.03.16"]
[Round "8"]
[White "Michalik, Peter"]
[Black "Saduakassova, Dinara"]
[Result "1/2-1/2"]
[WhiteElo "2578"]
[BlackElo "2428"]
[PlyCount "37"]
[EventDate "2017.??.??"]

1. d4 Nf6 2. c4 e6 3. Nf3 b6 4. g3 Bb7 5. Bg2 Bb4+ 6. Nbd2 c5 7. O-O cxd4 8.
Nb3 O-O 9. Nbxd4 a6 10. Qb3 Bc5 11. Rd1 Nc6 12. Nxc6 Bxc6 13. Be3 Qe7 14. Ne1
Bxg2 15. Nxg2 Ng4 16. Bd4 Rfc8 17. Rac1 Rc6 18. h3 Nf6 19. Qd3 1/2-1/2

[Event "7th HDBank Cup 2017 Masters"]
[Site "Ho Chi Minh City"]
[Date "2017.03.16"]
[Round "8"]
[White "Nguyen, Anh Dung"]
[Black "Gomez, John Paul"]
[Result "1/2-1/2"]
[WhiteElo "2482"]
[BlackElo "2481"]
[PlyCount "31"]
[EventDate "2017.??.??"]

1. d4 d5 2. c4 c6 3. Nf3 Nf6 4. cxd5 cxd5 5. Nc3 Nc6 6. Bf4 Bf5 7. e3 e6 8. Bd3
Bxd3 9. Qxd3 Bd6 10. Bxd6 Qxd6 11. O-O O-O 12. h3 Nb4 13. Qd2 Nc6 14. Qd3 Nb4
15. Qd2 Nc6 16. Qd3 1/2-1/2

[Event "7th HDBank Cup 2017 Masters"]
[Site "Ho Chi Minh City"]
[Date "2017.03.16"]
[Round "8"]
[White "Dao, Thien Hai"]
[Black "Ghosh, Diptayan"]
[Result "1/2-1/2"]
[WhiteElo "2478"]
[BlackElo "2581"]
[PlyCount "86"]
[EventDate "2017.??.??"]

1. d4 Nf6 2. c4 g6 3. Nc3 d5 4. cxd5 Nxd5 5. e4 Nxc3 6. bxc3 Bg7 7. Nf3 c5 8.
Rb1 O-O 9. Be2 cxd4 10. cxd4 Qa5+ 11. Qd2 Qxd2+ 12. Bxd2 e6 13. O-O b6 14. Rfc1
Bb7 15. e5 Nc6 16. Be3 Rfd8 17. Rc3 Rac8 18. Rbc1 Nb4 19. Rxc8 Rxc8 20. Rxc8+
Bxc8 21. Bd2 Bf8 22. Bc4 Bb7 23. Kf1 Bd5 24. Bxd5 Nxd5 25. Ke2 Be7 26. Ne1 Kf8
27. Kd3 Ke8 28. Kc4 Kd7 29. a4 Kc6 30. Nc2 a6 31. g3 h5 32. h3 Bd8 33. Kd3 b5
34. axb5+ axb5 35. Bb4 g5 36. Bd2 Be7 37. Be1 h4 38. gxh4 gxh4 39. Bd2 b4 40.
Kc4 Nb6+ 41. Kb3 Kd5 42. f3 Nc4 43. Bxb4 Bxb4 1/2-1/2

[Event "7th HDBank Cup 2017 Masters"]
[Site "Ho Chi Minh City"]
[Date "2017.03.16"]
[Round "8"]
[White "Garcia, Jan Emmanuel"]
[Black "Tu, Hoang Thong"]
[Result "1/2-1/2"]
[WhiteElo "2444"]
[BlackElo "2392"]
[PlyCount "43"]
[EventDate "2017.??.??"]

1. c4 e6 2. Nc3 d5 3. d4 c6 4. e3 Bd6 5. Nf3 f5 6. Bd3 Nf6 7. O-O O-O 8. b3 Ne4
9. Bb2 Nd7 10. Qc2 Qf6 11. a4 a5 12. Ba3 Bxa3 13. Rxa3 Qe7 14. Raa1 Qb4 15.
Rfc1 Nxc3 16. Qxc3 Qxc3 17. Rxc3 g6 18. cxd5 exd5 19. Rac1 Re8 20. R3c2 Kf8 21.
Rc3 Ke7 22. R3c2 1/2-1/2

[Event "7th HDBank Cup 2017 Masters"]
[Site "Ho Chi Minh City"]
[Date "2017.03.16"]
[Round "8"]
[White "Cuhendi, Sean Winshand"]
[Black "Antonio, Rogelio Jr"]
[Result "1/2-1/2"]
[WhiteElo "2403"]
[BlackElo "2465"]
[PlyCount "35"]
[EventDate "2017.??.??"]

1. d4 Nf6 2. Bf4 d5 3. e3 e6 4. Nd2 c5 5. c3 Nc6 6. Ngf3 Bd6 7. Bg3 O-O 8. Bd3
Re8 9. Ne5 Bxe5 10. dxe5 Nd7 11. Nf3 b6 12. O-O Bb7 13. b4 h6 14. b5 Ne7 15.
Nd2 a6 16. a4 Nf5 17. Qf3 Qg5 18. Bf4 1/2-1/2

[Event "7th HDBank Cup 2017 Masters"]
[Site "Ho Chi Minh City"]
[Date "2017.03.16"]
[Round "8"]
[White "Nguyen, Dang Hong Phuc"]
[Black "Liu, Guanchu"]
[Result "1/2-1/2"]
[WhiteElo "2280"]
[BlackElo "2441"]
[PlyCount "59"]
[EventDate "2017.??.??"]

1. d4 e6 2. c4 Nf6 3. Nf3 b6 4. a3 Ne4 5. g3 Bb7 6. Bg2 Be7 7. O-O O-O 8. Nfd2
d5 9. Qc2 f5 10. Nc3 Nd7 11. Ndxe4 dxe4 12. b3 Nf6 13. Rd1 Rc8 14. Bb2 h5 15.
f3 c5 16. d5 exd5 17. cxd5 c4 18. b4 Nxd5 19. Nxd5 Bxd5 20. Bc3 b5 21. fxe4
fxe4 22. Bxe4 Bxe4 23. Qxe4 Qe8 24. Qe5 Bf6 25. Qd5+ Kh8 26. Bxf6 Rxf6 27. e4
Re6 28. Rd4 c3 29. Rc1 c2 30. Rd2 1/2-1/2

[Event "7th HDBank Cup 2017 Masters"]
[Site "Ho Chi Minh City"]
[Date "2017.03.17"]
[Round "9"]
[White "Iturrizaga Bonelli, Eduardo"]
[Black "Xu, Yinglun"]
[Result "1/2-1/2"]
[WhiteElo "2673"]
[BlackElo "2540"]
[PlyCount "29"]
[EventDate "2017.??.??"]

1. c4 e6 2. g3 d5 3. Bg2 Nf6 4. Nf3 dxc4 5. Qa4+ c6 6. Qxc4 b5 7. Qc2 Bb7 8.
O-O Nbd7 9. Nc3 a6 10. d3 Be7 11. a4 O-O 12. e4 Qb8 13. d4 c5 14. Bf4 Qc8 15.
axb5 1/2-1/2

[Event "7th HDBank Cup 2017 Masters"]
[Site "Ho Chi Minh City"]
[Date "2017.03.17"]
[Round "9"]
[White "Ghosh, Diptayan"]
[Black "Shyam, Sundar M"]
[Result "1/2-1/2"]
[WhiteElo "2581"]
[BlackElo "2536"]
[PlyCount "41"]
[EventDate "2017.??.??"]

1. Nf3 Nf6 2. g3 d5 3. Bg2 Bg4 4. O-O Nbd7 5. h3 Bxf3 6. Bxf3 c6 7. d3 e5 8. e4
dxe4 9. dxe4 Bc5 10. Nd2 O-O 11. Qe2 Qe7 12. a4 a5 13. Nc4 Qe6 14. Kg2 Nb6 15.
Nxb6 Bxb6 16. b3 Bd4 17. Rb1 Rfb8 18. Bd2 b5 19. c3 Bb6 20. Rfd1 h6 21. Qd3
1/2-1/2

[Event "7th HDBank Cup 2017 Masters"]
[Site "Ho Chi Minh City"]
[Date "2017.03.17"]
[Round "9"]
[White "Gomez, John Paul"]
[Black "Ali, Muhammad Lutfi"]
[Result "1/2-1/2"]
[WhiteElo "2481"]
[BlackElo "2416"]
[PlyCount "124"]
[EventDate "2017.??.??"]

1. c4 c5 2. Nc3 Nc6 3. Nf3 g6 4. e3 Nf6 5. d4 cxd4 6. exd4 d5 7. cxd5 Nxd5 8.
Qb3 Nxc3 9. Bc4 e6 10. bxc3 Bg7 11. Ba3 Bf8 12. Bc1 Bg7 13. Ba3 Bf8 14. Bxf8
Kxf8 15. Bb5 Kg7 16. Bxc6 bxc6 17. O-O c5 18. Rfd1 Qc7 19. c4 Bb7 20. Qc3 Bxf3
21. d5+ f6 22. Qxf3 exd5 23. cxd5 Rad8 24. Rac1 Rd6 25. Qe3 Rc8 26. Rc4 Rd7 27.
h4 Re7 28. Qh3 Qd7 29. Qc3 Qd6 30. Ra4 a6 31. Qc4 Rce8 32. g3 Re1+ 33. Rxe1
Rxe1+ 34. Kg2 Rd1 35. Rxa6 Qxd5+ 36. Qxd5 Rxd5 37. a4 Rd3 38. Kf1 h5 39. a5 Ra3
40. Ra7+ Kh6 41. a6 Ra1+ 42. Ke2 g5 43. Ra8 gxh4 44. a7 Kg7 45. gxh4 c4 46. Kd2
Ra3 47. Kc2 Ra2+ 48. Kc3 Ra4 49. f4 Ra1 50. Kxc4 Rc1+ 51. Kd5 Ra1 52. Ke6 Ra6+
53. Ke7 Ra1 54. Rd8 Rxa7+ 55. Rd7 Ra5 56. Rd6 Rf5 57. Rd4 Kg6 58. Ke6 Ra5 59.
Rd6 Rb5 60. Rc6 Ra5 61. Rd6 Rf5 62. Rd4 Ra5 1/2-1/2

[Event "7th HDBank Cup 2017 Masters"]
[Site "Ho Chi Minh City"]
[Date "2017.03.17"]
[Round "9"]
[White "Nguyen, Van Huy"]
[Black "Goganov, Aleksey"]
[Result "1/2-1/2"]
[WhiteElo "2413"]
[BlackElo "2621"]
[PlyCount "42"]
[EventDate "2017.??.??"]

1. d4 Nf6 2. Nf3 d5 3. c4 e6 4. g3 Bb4+ 5. Bd2 Bd6 6. Bg2 O-O 7. O-O c6 8. b3
Ne4 9. Bc1 Qe7 10. Bb2 Nd7 11. Qc1 b6 12. Ba3 Bb7 13. Bxd6 Nxd6 14. Nbd2 c5 15.
cxd5 Bxd5 16. dxc5 Nxc5 17. Qb2 Rac8 18. Rac1 a5 19. Rfd1 Rfd8 20. Ne1 Bxg2 21.
Nxg2 h6 1/2-1/2